000 00518cab a2200181 4500
001 WB2627-47
008 090401t1990 xxu||||| |||| 00| 0 eng d
035 _a(Sirsi) u9691
041 _aeng
245 _aCash needed for Phoenix Initiative
260 _c1990
350 _a0
490 _aBuilding
_vno 255 vol 7655 6/7/90 p9
520 _aThe Phoenix Initiative for urban renewal construction schemes is appealing for funds to stay in existence.
690 _aURBAN RENEWAL
942 _n0
948 _c04/03/1997
999 _c6085
_d6085